00626nam a2200193Ia 4500952013100000999001700131003000400148005001700152008004100169020001800210040000900228082002200237100003000259245004000289260003200329300000800361650001300369942005000382 00102ddc40708SSaMESbMEScMALd2019-02-20g33.00l0o894.812301 ZAC/Kp31883r2019-02-20 00:00:00w2019-02-20yBKzGR31R1 c29200d29200OSt20260305124335.0190216s9999||||xx |||||||||||||| ||und|| a9788171307746 coclc a894.812301bZAC/K0 aSakkar̲iya,d1945-96653 0aKannadi Kanmolavum /cPaul Zacharia bDc Books,aKottayam:c2004. a60p aKathakal cBK2ddch894.812301iZAC/Kk894.812301mZAC/K